00898nam a2200241 a 450000100080000000500110000800800410001910000200006024500610008026000370014130000100017849000630018852002390025165300130049065300160050365300290051970000200054870000160056870000160058470000190060070000170061970000200063611207412014-04-29 1996 bl uuuu u0uu1 u #d1 aOLIVEIRA, F. T. aMicrobacia Guaraipo, Arabut??/SC.h[electronic resource] aFlorian??polis, SC: Epagric1996 a71 p. a(Invent??rio das terras em microbacias hidrogr??ficas, 0). aEste relat??rio t??cnico apresenta dados e informa????es levantadas na microbacia Guaraipo, localizada no munic??pio de Arabut??/SC, al??m de sugest??es e recomenda????es com rela????o ao uso dos recursos naturais existentes no local. aArabut?? aFisiografia aMicrobacia Hidrogr??fica1 aMOSIMANN, G. M.1 aPOLA, A. C.1 aCORATTO, E.1 aPAES, C. A. T.1 aSIMON, A. A.1 aBACIC, I. L. Z.